Normal view MARC view
  • Malaysia

Entry Corporate Name

Number of records used in: 1

001 - CONTROL NUMBER

  • control field: 4873

003 - CONTROL NUMBER IDENTIFIER

  • control field: OSt

005 - DATE AND TIME OF LATEST TRANSACTION

  • control field: 20170516102522.0

008 - FIXED-LENGTH DATA ELEMENTS

  • fixed length control field: 170516|| aca||aabn | a|a d

040 ## - CATALOGING SOURCE

  • Original cataloging agency: OSt
  • Transcribing agency: OSt

110 ## - HEADING--CORPORATE NAME

  • Corporate name or jurisdiction name as entry element: Malaysia
  • Subordinate unit: Ministry of International Trade and Industry

670 ## - SOURCE DATA FOUND

  • Source citation: Work cat.: (OSt): Malaysia Ministry of International Trade and Industry, Perintah Perdagangan Strategik ( Barang Strategik) 2010 [P.U.(A) 485/2010 ., 2010.
Pusat Sumber Maklumat Dato' Haji Sarmin Md Hussin, Akademi Kastam Diraja Malaysia, Melaka
Tel: 06-2331106 | Faks: 06-2313787